000 00771njm a2200277Ia 4500
001 36729
003 IT-RoPAU
005 20220918181134.0
008 131025s9999 xx 000 0 und d
040 _aIT-RoPAU
040 _cIT-RoPAU
999 _c100794
_d100794
999 _bSI
100 _aNono Luigi
_919329
100 _eAutore musica
_919330
100 _gCodice autore musica SPICS: 10797
_919331
245 _aFragmente-Stille, An Diotima
250 _a1a ed.
260 _aGERMANY
260 _bDEUTSCHE GRAMMOPHON
_c1986 [1a Ed.:1986]
300 _aDISCO
300 _c39 minuti (Testo: pag.)
500 _aMusica strumentale: violino
505 _aFragmente - Stille, An Diotima
650 _aSTRUMENTALE [DISCHI]
_eCodice MATERIA SPICS: 9950
_9828
942 _cMD
_2ddc